College Quizbowl Stats
College Quizbowl Stats
Circuits
Seasons
Sets
Records
Detailed Stats
About
Loading...
2024 ACF Fall at Rutgers
Tossups
Bonuses
Players
Teams
Categories (Tossup)
Categories (Bonus)
Abby Hope (UG)
Bard A
Categories
Category
Powers
Gets
Negs
BBs
Points
Earliest Buzz
Avg. Buzz
First Buzzes
Top 3 Buzzes
Literature - American Literature
0
2
0
0
20
67
76.50
0
1
Current Events
0
1
0
0
10
75
75.00
0
0
Geography
0
1
0
1
10
114
114.00
0
0
History - Other History
0
1
0
1
10
119
119.00
0
0
Mythology
0
1
0
0
10
96
96.00
0
0
Buzzes
Category
Answer
Value
Buzz Position
Literature - American Literature
The Bell Jar
10
67
Current Events
universities
10
75
Literature - American Literature
witchcraft
10
86
Mythology
fish
10
96
Geography
the Alps
10
114
History - Other History
Tiber River
10
119
Previous
1
Next